ՀՀ Գիտությունների ազգային ակադեմիայի հիմնարար գիտական գրադարան  =   Fundamental Scientific Library of NAS RA

Կիլիկիահայության թիվը Հայոց ցեղասպանության նախօրյակին = (Record no. 525797)

MARC details
000 -LEADER
fixed length control field 02561nam a2200349 a 4500
003 - CONTROL NUMBER IDENTIFIER
control field AM-YEHGA
005 - DATE AND TIME OF LATEST TRANSACTION
control field 20250617164540.0
008 - FIXED-LENGTH DATA ELEMENTS--GENERAL INFORMATION
fixed length control field 220318s2021 ai bd||gr|||||001|0|arm||
020 ## - INTERNATIONAL STANDARD BOOK NUMBER
International Standard Book Number 9789939822938
040 ## - CATALOGING SOURCE
Original cataloging agency AM-YeHGA
041 0# - LANGUAGE CODE
Language code of text/sound track or separate title arm
Language code of summary or abstract eng
-- rus
001 - CONTROL NUMBER
control field 1824488
090 ## - LOCALLY ASSIGNED LC-TYPE CALL NUMBER (OCLC); LOCAL CALL NUMBER (RLIN)
-- 563146
100 1# - MAIN ENTRY--PERSONAL NAME
Personal name Թաթոյան, Ռոբերտ
245 10 - TITLE STATEMENT
Title Կիլիկիահայության թիվը Հայոց ցեղասպանության նախօրյակին =
Remainder of title The number of Cilicia Armenians on the eve of the Armenian genocide = Le nombre d'Arméniens de Cilicie à la veille du Génocide des Arméniens = Численность армянского населения Киликии накануне геноцида Армян /
Statement of responsibility, etc. Ռ․ Թաթոյան ; [Կազմի ձևավորումը՝ Ք․ Վարդանյան] ; «Հայոց ցեղասպանության թանգարան-ինստիտուտ» հիմնադրամ․
246 15 - VARYING FORM OF TITLE
Title proper/short title The number of Cilicia Armenians on the eve of the Armenian genocide
246 15 - VARYING FORM OF TITLE
Title proper/short title Le nombre d'Arméniens de Cilicie à la veille du génocide des Arméniens
246 15 - VARYING FORM OF TITLE
Title proper/short title Численность армянского населения Киликии накануне геноцида Армян
260 ## - PUBLICATION, DISTRIBUTION, ETC.
Place of publication, distribution, etc. Երևան ։
Name of publisher, distributor, etc. ՀՅԹԻ հրատարակչություն,
Date of publication, distribution, etc. 2021․
300 ## - PHYSICAL DESCRIPTION
Extent 239 էջ + 1ծլվ․ թերթ ։
Other physical details քարտեզ, աղյուսակ ;
Dimensions 20 սմ․
500 ## - GENERAL NOTE
General note Շապիկի ձևավորման մեջ օգտագործվել է «Սիսուան․ Կիլիկիա հին և նոր» քարտեզը Ղևոնդ Ալիշանի «Սիսուան։ Համագրութիւն Հայկական Կիլիկիոյ և Լևոն Մեծագործ» գրքից (Վենետիկ, Ս․ Ղազար, 1885)։
500 ## - GENERAL NOTE
General note Հորս՝ Արամայիս Թաթոյանին։
504 ## - BIBLIOGRAPHY, ETC. NOTE
Bibliography, etc. note Օգտագործված սկզբնաղբյուրների և գրականության ցանկ՝ էջ 215-230։
504 ## - BIBLIOGRAPHY, ETC. NOTE
Bibliography, etc. note Տեղանունների ցանկ՝ էջ 231-239։
546 ## - LANGUAGE NOTE
Language note Ամփոփումը՝ անգլերեն, ֆրանսերեն և ռուսերեն։
650 14 - SUBJECT ADDED ENTRY--TOPICAL TERM
Topical term or geographic name entry element Հայոց ցեղասպանություն (1915-1923)
650 14 - SUBJECT ADDED ENTRY--TOPICAL TERM
Topical term or geographic name entry element Ազգաբնակչության ուսումնասիրում (դեմոգրաֆիա)
651 #4 - SUBJECT ADDED ENTRY--GEOGRAPHIC NAME
Geographic name Կիլիկյան Հայաստան
General subdivision Պատմություն
700 1# - ADDED ENTRY--PERSONAL NAME
Personal name Վարդանյան, Քրիստինե
Relator term ձևավորող
Relationship bkd
710 2# - ADDED ENTRY--CORPORATE NAME
Corporate name or jurisdiction name as entry element «Հայոց ցեղասպանության թանգարան-ինստիտուտ» հիմնադրամ
942 ## - ADDED ENTRY ELEMENTS (KOHA)
Source of classification or shelving scheme Universal Decimal Classification
Koha item type Գրքեր / Books
Holdings
Withdrawn status Lost status Source of classification or shelving scheme Damaged status Not for loan Collection Home library Current library Date acquired Total checkouts Full call number Barcode Date last seen Price effective from Koha item type Public note
    Universal Decimal Classification     General Fundamental Scientific Library Fundamental Scientific Library 28/07/2022   AII/108748 FL0676905 28/07/2022 28/07/2022 Գրքեր / Books 30 Days Loan
    Universal Decimal Classification     General Fundamental Scientific Library Fundamental Scientific Library 28/07/2022   AII/108749 FL0676906 28/07/2022 28/07/2022 Գրքեր / Books 30 Days Loan


ՀՀ ԳԱԱ հիմնարար գիտական գրադարան
ՀՀ,Երևան 0019
Մարշալ Բաղրամյան 24/6
հեռախոս:(374-10) 52-47-50
Հետադարձ կապ

All site content, except where otherwise noted, is licensed under a
Creative Commons License